Privatizáció és részvétel, erdékképviselet és együttmüködés a gazdálkodó szervezetkben.

Zmeny v zastúpení záujmov zamestnancov po premene maďarského národného hospodárstva na trhové hospodárstvo. Podpora rozvoja podnikania, vplyv privatizácie na kolektívne práva zamestnancov. Medzery v zastupovaní záujmov zamestnancov v procese privatizácie.

Gespeichert in:
Bibliographische Detailangaben
1. Verfasser: Csuhaj, V.I
Format: Buchkapitel
Sprache:Ungarisch
Schlagworte:
Tags: Tag hinzufügen
Keine Tags, Fügen Sie das erste Tag hinzu!

MARC

LEADER 00000naa a2200000 4500
001 r004584
005 20221125113547.0
041 0 |a hun 
044 |a HU 
245 1 0 |a Privatizáció és részvétel, erdékképviselet és együttmüködés a gazdálkodó szervezetkben.  |c V.I. Csuhaj 
520 |a Zmeny v zastúpení záujmov zamestnancov po premene maďarského národného hospodárstva na trhové hospodárstvo. Podpora rozvoja podnikania, vplyv privatizácie na kolektívne práva zamestnancov. Medzery v zastupovaní záujmov zamestnancov v procese privatizácie. 
610 2 0 |a privatizácia 
610 2 0 |a zmluvy kolektívne 
610 2 0 |a zamestnanci 
610 2 0 |a hospodárstvo trhové 
610 2 0 |a podnikanie 
610 2 0 |a ochrana pracovníkov 
610 2 0 |a MR 
100 1 |a Csuhaj, V.I.